Türk cumhuriyetleri ve Türkiye ilişkileri için ekonomik model arayışı (Record no. 3548)

MARC details
000 -BAŞLIK
Sabit Uzunlukta Kontrol Alanı 00735na a2200205 4500
001 - KONTROL NUMARASI
Denetim Alanı 15897
003 - KONTROL NUMARASI IDENTIFIER
Denetim Alanı MIRAKIL
005 - SON İŞLEM TARİHİ VE ZAMANI
Denetim Alanı 20181213154935.0
008 - SABİT-BOY VERİ ELEMANLARI - GENEL BİLGİLER
Sabit Uzunlukta Kontrol Alanı 160926b tu 000 0
040 ## - KATALOGLAMA KAYNAK
Orijinal Kataloglama Ajansı Milas
Kataloglama Dili tur
Metne Dönüştürmek Ajansı TR-AnCHP
082 ## - DEWEY ONLU SINIFLANDIRMA NUMARASI
Sınıflandırma Numarası 337.1561
Ürün Numarası T96t 1998
090 ## - SINIFLAMA NUMARASI
Sınıflama Numarası 337.1561 T96t 1998
111 ## - ANA GİRİŞ - TOPLANTI ADI
Giriş Elemanı Olarak Toplantı Adı Veya Yargı Alanı Adı Türk Cumhuriyetleri İşadamları Kongresi
Toplantının Yeri İstanbul
Toplantı Veya Antlaşma İmzalandığı Tarihi 1997
245 ## - BAŞLIK TABLOSU
Başlık Türk cumhuriyetleri ve Türkiye ilişkileri için ekonomik model arayışı
Başlığın Kalan (13 Aralık 1997-İstanbul)
260 ## - YAYIN, DAĞITIM, VB
Yayın, Dağıtım, Vb Yeri Ankara
Yayıncı, Dağıtıcı, Vs Adı Devlet Bakanlığı
Yayın, Dağıtım, Vb Tarihi 1998
300 ## - FİZİKSEL TANIM
Kapsam 175 s.
Boyutlar 22 sm.
650 ## - KONU KATMA GİRİŞ - TOPİKAL DÖNEM
Topikal Süreli Veya Coğrafi Ad Giriş Elemanı Sanayi işbirliği
Genel Alt Bölümü Türkiye
Coğrafi Alt Bölümü Türk Cumhuriyetleri
650 ## - KONU KATMA GİRİŞ - TOPİKAL DÖNEM
Topikal Süreli Veya Coğrafi Ad Giriş Elemanı Uluslararası ekonomik ilişkiler
Genel Alt Bölümü Türkiye
Coğrafi Alt Bölümü Türk Cumhuriyetleri
942 ## - EKLENDİ GİRİŞ ELEMANLARI (KOHA)
Sınıflandırma Veya Raf Düzeni Kaynak Dewey Decimal Classification
Koha Öğesi Türü Books
999 ## - SİSTEM KONTROL NUMARALARI (KOHA)
Koha Biblionumber 3548
Koha Biblioitemnumber 3548
Holdings
Kalıcı Konum Mevcut Konum Edinme Tarihi Edinim Kaynak Toplam Check-Out'Lar Tam Çağrı Numarası Barkod Tarih Son Görülme İtibaren Geçerli Fiyatlar Koha Öğesi Türü
CHP Kütüphanesi CHP Kütüphanesi 09/26/2016 Bağış   337.1561 T96t 1998 004235 09/26/2016 09/26/2016 Books